Deutsche Bundesregierung (Minister 20.Wahlperiode) - Statistiken

Allgemein
  • Dieses Quiz wurde 782 mal gespielt
    108 seit der letzten Aktualisierung
  • Das Durchschnittsergebnis liegt bei 9 aus 17
Antwortstatistiken
Stellenbezeichnung Partei Name % Korrekt
Bundeskanzler SPD Olaf Scholz
100%
Bundesminister für Wirtschaftund Klimaschutz B90/Grüne Dr. Robert Habeck
89%
Bundesministerin des Auswärtigen B90/Grüne Annalena Baerbock
79%
Bundesminister für Gesundheit SPD Prof. Dr. Karl Lauterbach
69%
Bundesminister der Verteidigung SPD Boris Pistorius
64%
Bundesminister für Ernährungund Landwirtschaft B90/Grüne Cem Özdemir
64%
Bundesminister für Arbeit und Soziales SPD Hubertus Heil
60%
Bundesminister für Digitalesund Verkehr parteilos Dr. Volker Wissing
58%
Bundesministerin des Inneren und für Heimat SPD Nancy Faeser
56%
Bundesminister der Justiz parteilos Dr. Volker Wissing
54%
Bundesministerin für Familie, Senioren, Frauen und Jugend B90/Grüne Lisa Paus
39%
Bundesminister der Finanzen SPD Dr. Jörg Kukies
36%
Bundesministerin für Wohnen, Stadtentwicklung und Bauwesen SPD Klara Geywitz
33%
Bundesministerin für Umwelt, Naturschutz, nukleare Sicherheit und Verbraucherschutz B90/Grüne Steffi Lemke
32%
Bundesministerin für Bildung und Forschung B90/Grüne Cem Özdemir
29%
Bundesministerin für wirtschaftlicheZusammenarbeit und Entwicklung SPD Svenja Schulze
29%
Chef des Bundeskanzleramts undBundesminister für besondere Aufgaben SPD Wolfgang Schmidt
26%
Keine übereinstimmenden Quizze gefunden
Verteilung der Resultate
Anzahl Personen mit jedem Resultat
Perzentil nach korrekt beantworteten Fragen
Ihre Resultats-Entwicklung
Sie haben dieses Quiz seit der letzten Aktualisierung nicht gespielt